| 000 | 01562nam a2200289 a 4500 | ||
|---|---|---|---|
| 001 | BRCA_5167 | ||
| 005 | 20190320204952.0 | ||
| 008 | 231110s1604----mx-######v---#000-0#spa-# | ||
| 041 | _aspa | ||
| 044 | _amx | ||
| 084 |
_aDOC123 _b.D63 _c1604 |
||
| 245 | 1 | 0 |
_aDocumento de la relación de escritura de Convento de la Concepción _cMarcos Guerrero y Don Alonso de Berrio. |
| 260 |
_aMéxico _c1604 |
||
| 300 |
_a[31] fojas _c32 x 22 cm |
||
| 500 | _aDocumento fechado el 9 de octubre de 1604 en México | ||
| 500 | _aAnte Marcos Guerrero, leyó Don Alonso de Berrio en representación del Mayordomo del Convento de la Concepción de está Ciudad de México, la relación de escrituras y censos perpetuos e irredimibles y arrendamientos de dicho convento en virtud de que muchos de ellos se habían muerto, a fin de poner en orden los bienes de dicho convento y de que no estuvieran estos en peligro de perderse. Trae una relación de los mismos que datan del último tercio del siglo XVI | ||
| 500 | _aEl documento contiene la leyenda DOC. #291 | ||
| 500 | _aPapel con marca de agua | ||
| 500 | _aEstado de conservación: contiene manchas de acidificación, márgenes doblados y maltratados | ||
| 506 | 0 | _aFondo reservado: para su consulta es necesario credencial de usuario y carta de motivos | |
| 546 | _aTexto en: español del siglo XVII | ||
| 650 | 1 | 4 |
_aDocumentos legales _vManuscrito _xHistoria _yColonia, 1521-1821 _zMéxico _913218 |
| 700 | 1 |
_aGuerrero, Marcos _913219 |
|
| 700 | 1 |
_aBerrio, Alonso de _913220 |
|
| 902 | _aFDH | ||
| 942 |
_2lcc _cD |
||
| 999 |
_c4861 _d4861 |
||